| 000 | 00406nam a22001697a 4500 | ||
|---|---|---|---|
| 005 | 20180619112719.0 | ||
| 008 | 160614b xxu||||| |||| 00| 0 eng d | ||
| 020 | _a81-7036-925-8 | ||
| 041 | _aeng | ||
| 082 |
_b7342 _a658 |
||
| 100 |
_aRama, Shiva S _91847 |
||
| 245 | _acorporate Crisis Mgt. | ||
| 260 |
_aNew Delhi _bResponse Books, _c2000 |
||
| 300 | _a245 | ||
| 650 |
_aManagement _9241 |
||
| 942 | _cBK | ||
| 999 |
_c2597 _d2596 |
||